Možnosti optimálneho riešenia pohonu malých úžitkových automobilov hlavne pre mestskú dopravu

Salvato in:
Dettagli Bibliografici
Autore principale: Kukučka, Jakub, 1991- (Autore)
Altri autori: Lešinský, Ján, 1945- (Relatore della tesi)
Natura: Manoscritto Libro
Lingua:slovacco
Pubblicazione: Bratislava : STU v Bratislave SjF, 2013
Soggetti:
Accesso online:VAIS
Tags: Aggiungi Tag
Nessun Tag, puoi essere il primo ad aggiungerne!!

MARC

LEADER 00000ntm a22000003a 4500
001 stu287223
005 20150617230253.5
008 140326s2013----xo------------------slo-d
040 |a STU  |b slo 
041 0 |a slo 
044 |a xo 
100 1 |a Kukučka, Jakub,  |d 1991-  |4 aut  |u J  |T SjF Strojnícka fakulta  |X 43709  |U J  |Y 20  |7 A000043709 
242 0 0 |a The possibility of optimal solutions for drive of small utility cars, especially for an urban transportation  |y eng 
245 1 |a Možnosti optimálneho riešenia pohonu malých úžitkových automobilov hlavne pre mestskú dopravu 
260 |a Bratislava :  |b STU v Bratislave SjF,  |c 2013 
650 7 |a automobily, lode a spaľovacie motory  |2 stusub 
650 7 |a Automobiles, Ships and Combustion Engines  |2 estusub 
650 7 |a emisie  |2 stusub 
650 7 |a hybridný pohon  |2 stusub 
700 1 |a Lešinský, Ján,  |d 1945-  |4 ths  |u J0030  |U SjF Strojnícka fakulta  |T SjF Ústav dopravnej techniky a konštruovania  |X 2459  |U J0030  |Y 806  |7 A000002459 
856 4 |a info a plný text  |u http://is.stuba.sk/zp/portal_zp.pl?podrobnosti=83124  |3 VAIS